000 00287nam a2200121Ia 4500
008 230917s9999||||xx |||||||||||||| ||und||
040 _e233373
_aMAIN
041 _aEnglish
082 _a346.022 Y11C
100 _aYadav, Anusuya
245 0 _aChanging concept of contract
942 _cTH
999 _c126430
_d126430